<?xml version="1.0" encoding="UTF-8"?>
<record
    xmlns:xsi="http://www.w3.org/2001/XMLSchema-instance"
    xsi:schemaLocation="http://www.loc.gov/MARC21/slim http://www.loc.gov/standards/marcxml/schema/MARC21slim.xsd"
    xmlns="http://www.loc.gov/MARC21/slim">

  <leader>01719    a2200241   4500</leader>
  <controlfield tag="001">45516</controlfield>
  <controlfield tag="005">20260407155727.0</controlfield>
  <controlfield tag="008">260407a1964    arg                 spa d</controlfield>
  <controlfield tag="003">AR-UNSa-BCEJYS</controlfield>
  <datafield tag="040" ind1=" " ind2=" ">
    <subfield code="a">AR-UNSa-BCEJYS</subfield>
    <subfield code="b">spa</subfield>
    <subfield code="c">AR-UNSa-BCEJYS</subfield>
  </datafield>
  <datafield tag="080" ind1=" " ind2=" ">
    <subfield code="a">331.101.26</subfield>
    <subfield code="x">Econom&#xED;a del trabajo</subfield>
  </datafield>
  <datafield tag="245" ind1="1" ind2="0">
    <subfield code="a">Econom&#xED;a del trabajo</subfield>
  </datafield>
  <datafield tag="264" ind1=" " ind2="1">
    <subfield code="a">Barcelona :</subfield>
    <subfield code="b">Ariel</subfield>
    <subfield code="c">1964</subfield>
  </datafield>
  <datafield tag="300" ind1=" " ind2=" ">
    <subfield code="a">527 p.</subfield>
    <subfield code="c">23 cm.</subfield>
  </datafield>
  <datafield tag="505" ind1=" " ind2=" ">
    <subfield code="a">Parte I : Condiciones del empleo y rentas del trabajo : T&#xED;tulo I : Las condiciones del empleo : 1. Poblaci&#xF3;n activa y oferta de trabajo &#x2013; 2. Demanda de trabajo, oferta de empleos, capacidad de ocupaci&#xF3;n &#x2013; 3. El equilibrio de la ocupaci&#xF3;n y la adaptaci&#xF3;n de la oferta a la demanda de trabajo - - T&#xED;tulo II :  Las rentas del trabajo : 4. Los distintos aspectos de la renta salarial &#x2013; 5. La estructura de los salarios &#x2013; 6. Evoluci&#xF3;n de los salarios - - Parte II : La indeterminaci&#xF3;n de las rentas del trabajo : T&#xED;tulo I : Las partes : 7. Los obreros y sus sindicatos &#x2013; 8. Empleadores y asociaciones patronales &#x2013; 9. Grupos especiales &#x2013; 10. Los poderes p&#xFA;blicos y sus posibilidades de intervenci&#xF3;n - - T&#xED;tulo II : Acci&#xF3;n de las partes : 11. La lucha &#x2013; 12. Acci&#xF3;n pol&#xED;tica y econ&#xF3;mica de los sindicatos y de los empresarios para la determinaci&#xF3;n de las rentas de trabajo &#x2013; 13. La negociaci&#xF3;n colectiva &#x2013; 14. La eficacia de la acci&#xF3;n de los sindicatos sobre las rentas del trabajo. </subfield>
  </datafield>
  <datafield tag="041" ind1=" " ind2=" ">
    <subfield code="a">spa</subfield>
  </datafield>
  <datafield tag="942" ind1=" " ind2=" ">
    <subfield code="c">BK</subfield>
  </datafield>
  <datafield tag="590" ind1=" " ind2=" ">
    <subfield code="a">niveau_biblio:m niveau_hierar:0</subfield>
  </datafield>
  <datafield tag="100" ind1="1" ind2=" ">
    <subfield code="a">Sellier, Fran&#xE7;ois</subfield>
  </datafield>
  <datafield tag="700" ind1="1" ind2=" ">
    <subfield code="a">Tiano, Andr&#xE9;</subfield>
  </datafield>
  <datafield tag="700" ind1="1" ind2=" ">
    <subfield code="a">Sanuy, Francisco</subfield>
  </datafield>
  <datafield tag="856" ind1="4" ind2="1">
    <subfield code="u">https://www.biblioeco.unsa.edu.ar/pmb/images/libros/L127129.jpg</subfield>
    <subfield code="y">Imagen de portada</subfield>
    <subfield code="q">image/jpeg</subfield>
  </datafield>
  <datafield tag="999" ind1=" " ind2=" ">
    <subfield code="c">3949</subfield>
    <subfield code="d">3949</subfield>
  </datafield>
  <datafield tag="952" ind1=" " ind2=" ">
    <subfield code="0">0</subfield>
    <subfield code="1">0</subfield>
    <subfield code="4">0</subfield>
    <subfield code="7">0</subfield>
    <subfield code="a">BCEJYS</subfield>
    <subfield code="b">BCEJYS</subfield>
    <subfield code="c">16</subfield>
    <subfield code="d">2026-04-07</subfield>
    <subfield code="l">0</subfield>
    <subfield code="o">331.101.26 S467</subfield>
    <subfield code="p">L127129</subfield>
    <subfield code="r">2026-04-07 15:57:27</subfield>
    <subfield code="w">2026-04-07</subfield>
    <subfield code="y">L</subfield>
  </datafield>
  <datafield tag="952" ind1=" " ind2=" ">
    <subfield code="0">0</subfield>
    <subfield code="1">0</subfield>
    <subfield code="4">0</subfield>
    <subfield code="7">0</subfield>
    <subfield code="a">BCEJYS</subfield>
    <subfield code="b">BCEJYS</subfield>
    <subfield code="c">16</subfield>
    <subfield code="d">2026-04-07</subfield>
    <subfield code="l">0</subfield>
    <subfield code="o">331.101.26 S467</subfield>
    <subfield code="p">L23885</subfield>
    <subfield code="r">2026-04-07 15:57:27</subfield>
    <subfield code="w">2026-04-07</subfield>
    <subfield code="y">L</subfield>
  </datafield>
</record>
